[Event "Stay Safe Play From Home 319"]
[Site "Emanuel Lasker Arena"]
[Date "2020.07.21"]
[Round "6"]
[White "Buzaglo"]
[Black "Oznog"]
[Result "0-1"]
[WhiteElo "1886"]
[BlackElo "1770"]
[Annotator "NA"]
[PlyCount "132"]
[EventDate "2020.07.21"]
[EventType "swiss (blitz)"]

1. d4 {[%emt 0:00:01]} c5 {[%emt 0:00:00]} 2. Nf3 {[%emt 0:00:00]} cxd4 {[%emt 0:00:00]} 3. g3 {[%emt 0:00:00]} Nf6 {[%emt 0:00:01]} 4. Nxd4 {[%emt 0:00:01]} e6 {[%emt 0:00:00]} 5. Bg2 {[%emt 0:00:01]} d5 {[%emt 0:00:00]} 6. O-O {[%emt 0:00:00]} Nc6 {[%emt 0:00:00]} 7. Nxc6 {[%emt 0:00:01]} bxc6 {[%emt 0:00:01]} 8. c4 {[%emt 0:00:00]} Be7 {[%emt 0:00:00]} 9. cxd5 {[%emt 0:00:01]} cxd5 {[%emt 0:00:01]} 10. Nc3 {[%emt 0:00:00]} O-O {[%emt 0:00:01]} 11. e4 {[%emt 0:00:01]} dxe4 {[%emt 0:00:02]} 12. Nxe4 {[%emt 0:00:01]} Nxe4 {[%emt 0:00:01]} 13. Bxe4 {[%emt 0:00:00]} Rb8 {[%emt 0:00:00]} 14. Bf4 {[%emt 0:00:04]} Rxb2 {[%emt 0:00:04]} 15. Be5 {[%emt 0:00:01]} Rb4 {[%emt 0:00:03]} 16. Qg4 {[%emt 0:00:05]} f6 {[%emt 0:00:02]} 17. Bc3 {[%emt 0:00:03]} e5 {[%emt 0:00:01]} 18. Bxb4 {[%emt 0:00:03]} Bxg4 {[%emt 0:00:03]} 19. Bxe7 {[%emt 0:00:01]} Qxe7 {[%emt 0:00:01]} 20. Kg2 {[%emt 0:00:04]} Qe6 {[%emt 0:00:02]} 21. f3 {[%emt 0:00:02]} Bh3+ {[%emt 0:00:01]} 22. Kg1 {[%emt 0:00:01]} f5 {[%emt 0:00:01]} 23. Bc2 {[%emt 0:00:06]} e4 {[%emt 0:00:00]} 24. Bb3 {[%emt 0:00:01]} Re8 {[%emt 0:00:05]} 25. Bxe6+ {[%emt 0:00:01]} Rxe6 {[%emt 0:00:00]} 26. Rfc1 {[%emt 0:00:01]} Kf7 {[%emt 0:00:01]} 27. Kf2 {[%emt 0:00:00]} e3+ {[%emt 0:00:02]} 28. Ke2 {[%emt 0:00:01]} Kg6 {[%emt 0:00:01]} 29. Rc3 {[%emt 0:00:01]} f4 {[%emt 0:00:01]} 30. gxf4 {[%emt 0:00:01]} Rb6 {[%emt 0:00:03]} 31. Rxe3 {[%emt 0:00:01]} Rb2+ {[%emt 0:00:02]} 32. Kd3 {[%emt 0:00:01]} Rxh2 {[%emt 0:00:01]} 33. Rg1+ {[%emt 0:00:02]} Kf7 {[%emt 0:00:01]} 34. Re4 {[%emt 0:00:02]} Bf5 {[%emt 0:00:03]} 35. Rg5 {[%emt 0:00:03]} Bxe4+ {[%emt 0:00:01]} 36. fxe4 {[%emt 0:00:00]} Rxa2 {[%emt 0:00:01]} 37. Rc5 {[%emt 0:00:01]} Ra4 {[%emt 0:00:02]} 38. Rc7+ {[%emt 0:00:01]} Kg6 {[%emt 0:00:01]} 39. Rc6+ {[%emt 0:00:00]} Kf7 {[%emt 0:00:01]} 40. Rc7+ {[%emt 0:00:00]} Kf6 {[%emt 0:00:00]} 41. Rc6+ {[%emt 0:00:01]} Ke7 {[%emt 0:00:00]} 42. Rc5 {[%emt 0:00:00]} Kd6 {[%emt 0:00:01]} 43. Re5 {[%emt 0:00:00]} Ra3+ {[%emt 0:00:01]} 44. Kc4 {[%emt 0:00:01]} Ra4+ {[%emt 0:00:01]} 45. Kb5 {[%emt 0:00:00]} Ra1 {[%emt 0:00:02]} 46. Re8 {[%emt 0:00:01]} Rb1+ {[%emt 0:00:00]} 47. Ka6 {[%emt 0:00:01]} Rc1 {[%emt 0:00:00]} 48. Kb7 {[%emt 0:00:00]} Kd7 {[%emt 0:00:00]} 49. Ka8 {[%emt 0:00:00]} Kxe8 {[%emt 0:00:00]} 50. e5 {[%emt 0:00:01]} Kf7 {[%emt 0:00:00]} 51. f5 {[%emt 0:00:00]} Rc4 {[%emt 0:00:00]} 52. f6 {[%emt 0:00:00]} Ke6 {[%emt 0:00:01]} 53. f7 {[%emt 0:00:01]} Rf4 {[%emt 0:00:01]} 54. f8=Q {[%emt 0:00:00]} Rxf8+ {[%emt 0:00:01]} 55. Kxa7 {[%emt 0:00:00]} Rf7+ {[%emt 0:00:00]} 56. Kb6 {[%emt 0:00:00]} Kxe5 {[%emt 0:00:00]} 57. Kc5 {[%emt 0:00:00]} Ke4 {[%emt 0:00:00]} 58. Kc4 {[%emt 0:00:00]} Ke3 {[%emt 0:00:00]} 59. Kc3 {[%emt 0:00:00]} Rf6 {[%emt 0:00:00]} 60. Kc2 {[%emt 0:00:00]} Rc6+ {[%emt 0:00:00]} 61. Kd1 {[%emt 0:00:00]} Rc4 {[%emt 0:00:00]} 62. Ke1 {[%emt 0:00:00]} Rc2 {[%emt 0:00:00]} 63. Kf1 {[%emt 0:00:00]} Rc1+ {[%emt 0:00:00]} 64. Kg2 {[%emt 0:00:00]} Rf1 {[%emt 0:00:00]} 65. Kg3 {[%emt 0:00:00]} Rg1+ {[%emt 0:00:00]} 66. Kh3 {[%emt 0:00:01]} Rg4 {[%emt 0:00:00] Time (Lag: Av=0.51s, max=1.1s)} 0-1

[Event "Stay Safe Play From Home 319"]
[Site "Emanuel Lasker Arena"]
[Date "2020.07.21"]
[Round "6"]
[White "Meini"]
[Black "Trotsky"]
[Result "1-0"]
[WhiteElo "1565"]
[BlackElo "1639"]
[Annotator "NA"]
[PlyCount "65"]
[EventDate "2020.07.21"]
[EventType "swiss (blitz)"]

1. d4 {[%emt 0:00:08]} d5 {[%emt 0:00:01]} 2. Bf4 {[%emt 0:00:00]} e6 {[%emt 0:00:01]} 3. e3 {[%emt 0:00:01]} c5 {[%emt 0:00:01]} 4. Nf3 {[%emt 0:00:00]} Nc6 {[%emt 0:00:01]} 5. c3 {[%emt 0:00:01]} c4 {[%emt 0:00:01]} 6. h3 {[%emt 0:00:01]} Bd6 {[%emt 0:00:01]} 7. Bxd6 {[%emt 0:00:02]} Qxd6 {[%emt 0:00:01]} 8. Be2 {[%emt 0:00:00]} Nf6 {[%emt 0:00:01]} 9. O-O {[%emt 0:00:00]} Bd7 {[%emt 0:00:01]} 10. b3 {[%emt 0:00:01]} h5 {[%emt 0:00:01]} 11. bxc4 {[%emt 0:00:01]} Ng4 {[%emt 0:00:01]} 12. cxd5 {[%emt 0:00:03]} exd5 {[%emt 0:00:01]} 13. c4 {[%emt 0:00:01]} O-O-O {[%emt 0:00:01]} 14. cxd5 {[%emt 0:00:01]} Qc7 {[%emt 0:00:08]} 15. Nc3 {[%emt 0:00:00]} Kb8 {[%emt 0:00:03]} 16. dxc6 {[%emt 0:00:01]} Bxc6 {[%emt 0:00:01]} 17. d5 {[%emt 0:00:03]} Bxd5 {[%emt 0:00:02]} 18. Nxd5 {[%emt 0:00:01]} Qd6 {[%emt 0:00:03]} 19. e4 {[%emt 0:00:01]} f5 {[%emt 0:00:04]} 20. Nc3 {[%emt 0:00:06]} Qc7 {[%emt 0:00:02]} 21. Qc2 {[%emt 0:00:02]} g5 {[%emt 0:00:03]} 22. exf5 {[%emt 0:00:02]} Ne5 {[%emt 0:00:07]} 23. Nxe5 {[%emt 0:00:03]} Qxe5 {[%emt 0:00:01]} 24. Rac1 {[%emt 0:00:00]} g4 {[%emt 0:00:02]} 25. Rfe1 {[%emt 0:00:01]} gxh3 {[%emt 0:00:02]} 26. g3 {[%emt 0:00:02]} h4 {[%emt 0:00:04]} 27. g4 {[%emt 0:00:02]} h2+ {[%emt 0:00:02]} 28. Kh1 {[%emt 0:00:01]} Rdg8 {[%emt 0:00:01]} 29. f3 {[%emt 0:00:00]} Qf4 {[%emt 0:00:02]} 30. Qe4 {[%emt 0:00:01]} Qxe4 {[%emt 0:00:01]} 31. fxe4 {[%emt 0:00:01]} Rg7 {[%emt 0:00:02]} 32. Rg1 {[%emt 0:00:01]} Rhg8 {[%emt 0:00:01]} 33. Rcf1 {[%emt 0:00:01] . Âðåìÿ (Lag: Av=0.28s, max=0.6s) '} 1-0

[Event "Stay Safe Play From Home 319"]
[Site "Emanuel Lasker Arena"]
[Date "2020.07.21"]
[Round "6"]
[White "UHU4"]
[Black "Mamba2001de"]
[Result "0-1"]
[WhiteElo "1422"]
[BlackElo "1503"]
[Annotator "NA"]
[PlyCount "52"]
[EventDate "2020.07.21"]
[EventType "swiss (blitz)"]

{Manoc a, Calota} 1. e4 {[%emt 0:00:01]} e6 {[%emt 0:00:01]} 2. d4 {[%emt 0:00:02]} d5 {[%emt 0:00:01]} 3. exd5 {[%emt 0:00:01]} exd5 {[%emt 0:00:01]} 4. Bd3 {[%emt 0:00:01]} Nf6 {[%emt 0:00:01]} 5. Nf3 {[%emt 0:00:01]} Be7 {[%emt 0:00:01]} 6. O-O {[%emt 0:00:02]} Bg4 {[%emt 0:00:01]} 7. Bg5 {[%emt 0:00:01]} O-O {[%emt 0:00:01]} 8. Qd2 {[%emt 0:00:01]} Nc6 {[%emt 0:00:02]} 9. c3 {[%emt 0:00:03]} a6 {[%emt 0:00:01]} 10. h4 {[%emt 0:00:02]} Re8 {[%emt 0:00:01]} 11. Na3 {[%emt 0:00:02]} Ne4 {[%emt 0:00:02]} 12. Bxe4 {[%emt 0:00:02]} dxe4 {[%emt 0:00:02]} 13. Bxe7 {[%emt 0:00:05]} Rxe7 {[%emt 0:00:01]} 14. Nh2 {[%emt 0:00:05]} Bh5 {[%emt 0:00:02]} 15. Qg5 {[%emt 0:00:02]} Bg6 {[%emt 0:00:03]} 16. Nc4 {[%emt 0:00:01]} Re6 {[%emt 0:00:07]} 17. Qxd8+ {[%emt 0:00:03]} Rxd8 {[%emt 0:00:02]} 18. Ng4 {[%emt 0:00:02]} Bf5 {[%emt 0:00:02]} 19. Nge3 {[%emt 0:00:01]} Bg6 {[%emt 0:00:01]} 20. Rad1 {[%emt 0:00:04]} f5 {[%emt 0:00:01]} 21. d5 {[%emt 0:00:01]} Red6 {[%emt 0:00:03]} 22. dxc6 {[%emt 0:00:03]} Rxd1 {[%emt 0:00:01]} 23. Rxd1 {[%emt 0:00:07]} Rxd1+ {[%emt 0:00:01]} 24. Nxd1 {[%emt 0:00:02]} bxc6 {[%emt 0:00:01]} 25. Ne5 {[%emt 0:00:01]} Be8 {[%emt 0:00:01]} 26. h5 {[%emt 0:00:02]} Kf8 {[%emt 0:00:02] Tiempo (Lag: Av=0.58s, max=1.1s)} 0-1

[Event "Stay Safe Play From Home 319"]
[Site "Emanuel Lasker Arena"]
[Date "2020.07.21"]
[Round "6"]
[White "Mandy"]
[Black "Haris kollari 13"]
[Result "0-1"]
[WhiteElo "885"]
[BlackElo "1725"]
[Annotator "NA"]
[PlyCount "30"]
[EventDate "2020.07.21"]
[EventType "swiss (blitz)"]

1. d4 {[%emt 0:00:03]} e6 {[%emt 0:00:00]} 2. Bf4 {[%emt 0:00:01]} d5 {[%emt 0:00:00]} 3. e3 {[%emt 0:00:01]} c5 {[%emt 0:00:01]} 4. c3 {[%emt 0:00:02]} Nc6 {[%emt 0:00:01]} 5. Bd3 {[%emt 0:00:04]} f5 {[%emt 0:00:01]} 6. Nd2 {[%emt 0:00:01]} c4 {[%emt 0:00:01]} 7. Bc2 {[%emt 0:00:05]} Bd6 {[%emt 0:00:01]} 8. Bg3 {[%emt 0:00:04]} Bxg3 {[%emt 0:00:02]} 9. hxg3 {[%emt 0:00:05]} Nf6 {[%emt 0:00:00]} 10. Ne2 {[%emt 0:00:02]} Bd7 {[%emt 0:00:01]} 11. Nf4 {[%emt 0:00:03]} g5 {[%emt 0:00:08]} 12. Ne2 {[%emt 0:00:11]} Qe7 {[%emt 0:00:02]} 13. O-O {[%emt 0:00:02]} O-O-O {[%emt 0:00:02]} 14. f4 {[%emt 0:00:04]} g4 {[%emt 0:00:02]} 15. Ba4 {[%emt 0:00:11]} h5 {[%emt 0:00:02] Zeit (Lag: Av=0.42s, max=0.5s)} 0-1

[Event "Stay Safe Play From Home 319"]
[Site "Emanuel Lasker Arena"]
[Date "2020.07.21"]
[Round "7"]
[White "NTBT_DHS"]
[Black "Fischer_11"]
[Result "1-0"]
[WhiteElo "2531"]
[BlackElo "2027"]
[Annotator "NA"]
[PlyCount "87"]
[EventDate "2020.07.21"]
[EventType "swiss (blitz)"]

1. d4 {[%emt 0:00:02]} e5 {[%emt 0:00:01]} 2. Nc3 {[%emt 0:00:00]} exd4 {[%emt 0:00:05]} 3. Qxd4 {[%emt 0:00:00]} Nc6 {[%emt 0:00:01]} 4. Qe4+ {[%emt 0:00:00]} Qe7 {[%emt 0:00:01]} 5. Bg5 {[%emt 0:00:00]} Qxe4 {[%emt 0:00:03]} 6. Nxe4 {[%emt 0:00:00]} Be7 {[%emt 0:00:00]} 7. Bf4 {[%emt 0:00:01]} d6 {[%emt 0:00:01]} 8. O-O-O {[%emt 0:00:01]} Nf6 {[%emt 0:00:00]} 9. Nc3 {[%emt 0:00:01]} O-O {[%emt 0:00:01]} 10. Nb5 {[%emt 0:00:00]} Bd8 {[%emt 0:00:02]} 11. f3 {[%emt 0:00:00]} a6 {[%emt 0:00:01]} 12. Nc3 {[%emt 0:00:01]} Be6 {[%emt 0:00:01]} 13. e4 {[%emt 0:00:01]} Be7 {[%emt 0:00:02]} 14. Nh3 {[%emt 0:00:00]} Rfd8 {[%emt 0:00:02]} 15. Ng5 {[%emt 0:00:01]} h6 {[%emt 0:00:04]} 16. Nxe6 {[%emt 0:00:01]} fxe6 {[%emt 0:00:00]} 17. Bc4 {[%emt 0:00:00]} Kf7 {[%emt 0:00:06]} 18. g4 {[%emt 0:00:04]} g5 {[%emt 0:00:03]} 19. Be3 {[%emt 0:00:03]} b5 {[%emt 0:00:00]} 20. Bb3 {[%emt 0:00:01]} Na5 {[%emt 0:00:06]} 21. h4 {[%emt 0:00:01]} Nxb3+ {[%emt 0:00:01]} 22. axb3 {[%emt 0:00:00]} d5 {[%emt 0:00:02]} 23. hxg5 {[%emt 0:00:01]} hxg5 {[%emt 0:00:01]} 24. Bxg5 {[%emt 0:00:04]} dxe4 {[%emt 0:00:03]} 25. fxe4 {[%emt 0:00:06]} Rxd1+ {[%emt 0:00:03]} 26. Kxd1 {[%emt 0:00:07]} Rg8 {[%emt 0:00:01]} 27. Bxf6 {[%emt 0:00:03]} Bxf6 {[%emt 0:00:00]} 28. Rh7+ {[%emt 0:00:01]} Bg7 {[%emt 0:00:01]} 29. Ke2 {[%emt 0:00:01]} Kg6 {[%emt 0:00:01]} 30. Rh5 {[%emt 0:00:01]} Bf6 {[%emt 0:00:03]} 31. Nd1 {[%emt 0:00:01]} Kf7 {[%emt 0:00:01]} 32. Rh7+ {[%emt 0:00:02]} Bg7 {[%emt 0:00:00]} 33. Nf2 {[%emt 0:00:02]} Kg6 {[%emt 0:00:00]} 34. Rh5 {[%emt 0:00:01]} Bf6 {[%emt 0:00:01]} 35. Nd3 {[%emt 0:00:01]} Kf7 {[%emt 0:00:01]} 36. Kf3 {[%emt 0:00:00]} Rg7 {[%emt 0:00:02]} 37. e5 {[%emt 0:00:01]} Ke7 {[%emt 0:00:00]} 38. exf6+ {[%emt 0:00:01]} Kxf6 {[%emt 0:00:00]} 39. Rc5 {[%emt 0:00:00]} a5 {[%emt 0:00:01]} 40. g5+ {[%emt 0:00:00]} Rxg5 {[%emt 0:00:01]} 41. Rxc7 {[%emt 0:00:00]} Rf5+ {[%emt 0:00:01]} 42. Ke3 {[%emt 0:00:01]} Rh5 {[%emt 0:00:00]} 43. Nf4 {[%emt 0:00:01]} Rh3+ {[%emt 0:00:00]} 44. Nxh3 {[%emt 0:00:00] Zeit (Lag: Av=0.49s, max=0.8s)} 1-0

[Event "Stay Safe Play From Home 319"]
[Site "Emanuel Lasker Arena"]
[Date "2020.07.21"]
[Round "7"]
[White "AChessPlayer"]
[Black "TheCHESSHOUSE"]
[Result "0-1"]
[WhiteElo "2400"]
[BlackElo "2154"]
[PlyCount "88"]
[EventDate "2020.07.21"]
[EventType "swiss (blitz)"]

1. Nf3 {[%emt 0:00:01]} Nf6 {[%emt 0:00:01]} 2. g3 {[%emt 0:00:00]} g6 {[%emt 0:00:00]} 3. Bg2 {[%emt 0:00:00]} Bg7 {[%emt 0:00:00]} 4. O-O {[%emt 0:00:00]} d6 {[%emt 0:00:00]} 5. d3 {[%emt 0:00:00]} O-O {[%emt 0:00:00]} 6. c4 {[%emt 0:00:00]} e5 {[%emt 0:00:01]} 7. Nc3 {[%emt 0:00:00]} Nc6 {[%emt 0:00:00]} 8. Rb1 {[%emt 0:00:01]} Be6 {[%emt 0:00:00]} 9. b4 {[%emt 0:00:01]} Rb8 {[%emt 0:00:01]} 10. b5 {[%emt 0:00:01]} Ne7 {[%emt 0:00:00]} 11. Ng5 {[%emt 0:00:01]} Bd7 {[%emt 0:00:03]} 12. a4 {[%emt 0:00:00]} h6 {[%emt 0:00:01]} 13. Nf3 {[%emt 0:00:01]} c6 {[%emt 0:00:00]} 14. Nd2 {[%emt 0:00:02]} Qc7 {[%emt 0:00:01]} 15. Ba3 {[%emt 0:00:01]} Rfe8 {[%emt 0:00:02]} 16. Qb3 {[%emt 0:00:03]} Red8 {[%emt 0:00:01]} 17. Nde4 {[%emt 0:00:02]} Nxe4 {[%emt 0:00:02]} 18. Nxe4 {[%emt 0:00:00]} Nc8 {[%emt 0:00:03]} 19. bxc6 {[%emt 0:00:05]} Bxc6 {[%emt 0:00:00]} 20. Rfc1 {[%emt 0:00:03]} b6 {[%emt 0:00:03]} 21. Nc3 {[%emt 0:00:09]} Bxg2 {[%emt 0:00:02]} 22. Kxg2 {[%emt 0:00:00]} Ne7 {[%emt 0:00:01]} 23. Qb5 {[%emt 0:00:02]} Qb7+ {[%emt 0:00:02]} 24. e4 {[%emt 0:00:03]} a6 {[%emt 0:00:01]} 25. Qb3 {[%emt 0:00:01]} Nc6 {[%emt 0:00:01]} 26. Nd5 {[%emt 0:00:01]} Nd4 {[%emt 0:00:01]} 27. Qxb6 {[%emt 0:00:01]} Qd7 {[%emt 0:00:02]} 28. Qxb8 {[%emt 0:00:01]} Rxb8 {[%emt 0:00:01]} 29. Rxb8+ {[%emt 0:00:00]} Bf8 {[%emt 0:00:00]} 30. Rcb1 {[%emt 0:00:01]} Kg7 {[%emt 0:00:01]} 31. h3 {[%emt 0:00:02]} Qe6 {[%emt 0:00:06]} 32. R1b7 {[%emt 0:00:02]} Nc6 {[%emt 0:00:02]} 33. Ra8 {[%emt 0:00:02]} Ne7 {[%emt 0:00:01]} 34. Nxe7 {[%emt 0:00:02]} Bxe7 {[%emt 0:00:00]} 35. Re8 {[%emt 0:00:01]} Qf6 {[%emt 0:00:05]} 36. Rbxe7 {[%emt 0:00:00]} g5 {[%emt 0:00:01]} 37. Rd7 {[%emt 0:00:01]} g4 {[%emt 0:00:01]} 38. Bxd6 {[%emt 0:00:01]} Qf3+ {[%emt 0:00:01]} 39. Kg1 {[%emt 0:00:02]} Qd1+ {[%emt 0:00:01]} 40. Kh2 {[%emt 0:00:01]} Qf1 {[%emt 0:00:02]} 41. Bc5 {[%emt 0:00:01]} gxh3 {[%emt 0:00:02]} 42. Bf8+ {[%emt 0:00:02]} Kh7 {[%emt 0:00:02]} 43. Rxf7+ {[%emt 0:00:01]} Kg6 {[%emt 0:00:01]} 44. Rg7+ {[%emt 0:00:01]} Kh5 {[%emt 0:00:01] Time (Lag: Av=0.68s, max=1.2s)} 0-1

[Event "Stay Safe Play From Home 319"]
[Site "Emanuel Lasker Arena"]
[Date "2020.07.21"]
[Round "7"]
[White "Lamborghini"]
[Black "Cirovicz"]
[Result "1-0"]
[WhiteElo "2231"]
[BlackElo "1958"]
[PlyCount "87"]
[EventDate "2020.07.21"]
[EventType "swiss (blitz)"]

1. e4 {[%emt 0:00:01]} e6 {[%emt 0:00:01]} 2. d4 {[%emt 0:00:01]} c5 {[%emt 0:00:00]} 3. Nc3 {[%emt 0:00:00]} cxd4 {[%emt 0:00:01]} 4. Qxd4 {[%emt 0:00:00]} Nc6 {[%emt 0:00:01]} 5. Qe3 {[%emt 0:00:01]} d5 {[%emt 0:00:00]} 6. exd5 {[%emt 0:00:01]} Nb4 {[%emt 0:00:01]} 7. Bb5+ {[%emt 0:00:10]} Bd7 {[%emt 0:00:01]} 8. Bd3 {[%emt 0:00:02]} Nxd3+ {[%emt 0:00:02]} 9. Qxd3 {[%emt 0:00:01]} exd5 {[%emt 0:00:01]} 10. Nxd5 {[%emt 0:00:02]} Bc6 {[%emt 0:00:02]} 11. c4 {[%emt 0:00:02]} Nf6 {[%emt 0:00:02]} 12. Bg5 {[%emt 0:00:02]} Be7 {[%emt 0:00:02]} 13. Bxf6 {[%emt 0:00:01]} Bxf6 {[%emt 0:00:01]} 14. Ne2 {[%emt 0:00:01]} Bxd5 {[%emt 0:00:01]} 15. cxd5 {[%emt 0:00:01]} Bxb2 {[%emt 0:00:02]} 16. Qe4+ {[%emt 0:00:04]} Qe7 {[%emt 0:00:02]} 17. Qxe7+ {[%emt 0:00:02]} Kxe7 {[%emt 0:00:01]} 18. Rb1 {[%emt 0:00:00]} Be5 {[%emt 0:00:02]} 19. Rxb7+ {[%emt 0:00:00]} Kd6 {[%emt 0:00:01]} 20. f4 {[%emt 0:00:01]} Bf6 {[%emt 0:00:02]} 21. Kf2 {[%emt 0:00:01]} Kxd5 {[%emt 0:00:01]} 22. Rc1 {[%emt 0:00:02]} Ke6 {[%emt 0:00:01]} 23. Rc6+ {[%emt 0:00:03]} Kf5 {[%emt 0:00:01]} 24. Kf3 {[%emt 0:00:02]} Kg6 {[%emt 0:00:01]} 25. g4 {[%emt 0:00:01]} h6 {[%emt 0:00:01]} 26. h4 {[%emt 0:00:03]} Rhc8 {[%emt 0:00:01]} 27. h5+ {[%emt 0:00:01]} Kh7 {[%emt 0:00:01]} 28. Rxc8 {[%emt 0:00:01]} Rxc8 {[%emt 0:00:01]} 29. Rxf7 {[%emt 0:00:00]} Rc3+ {[%emt 0:00:01]} 30. Nxc3 {[%emt 0:00:02]} Bxc3 {[%emt 0:00:01]} 31. Rxa7 {[%emt 0:00:00]} Bd4 {[%emt 0:00:03]} 32. Ra6 {[%emt 0:00:00]} Bc3 {[%emt 0:00:01]} 33. Ke4 {[%emt 0:00:00]} Bd2 {[%emt 0:00:01]} 34. Kf5 {[%emt 0:00:00]} Bc3 {[%emt 0:00:01]} 35. Rc6 {[%emt 0:00:01]} Bd4 {[%emt 0:00:01]} 36. Rc7 {[%emt 0:00:01]} Bb2 {[%emt 0:00:01]} 37. Rb7 {[%emt 0:00:00]} Kh8 {[%emt 0:00:01]} 38. a4 {[%emt 0:00:00]} Bc3 {[%emt 0:00:01]} 39. Kg6 {[%emt 0:00:00]} Ba5 {[%emt 0:00:02]} 40. Rb5 {[%emt 0:00:01]} Bd8 {[%emt 0:00:01]} 41. f5 {[%emt 0:00:00]} Kg8 {[%emt 0:00:01]} 42. g5 {[%emt 0:00:02]} hxg5 {[%emt 0:00:01]} 43. Rb8 {[%emt 0:00:01]} g4 {[%emt 0:00:01]} 44. Rxd8# {[%emt 0:00:00] (Lag: Av=0.69s, max=1.1s)} 1-0

[Event "Stay Safe Play From Home 319"]
[Site "Emanuel Lasker Arena"]
[Date "2020.07.21"]
[Round "7"]
[White "Lazieri3"]
[Black "SoulofWolf"]
[Result "1-0"]
[WhiteElo "2139"]
[BlackElo "2191"]
[PlyCount "115"]
[EventDate "2020.07.21"]
[EventType "swiss (blitz)"]

1. e4 {[%emt 0:00:01]} d5 {[%emt 0:00:00]} 2. Nc3 {[%emt 0:00:01]} d4 {[%emt 0:00:01]} 3. Nce2 {[%emt 0:00:01]} c5 {[%emt 0:00:00]} 4. d3 {[%emt 0:00:00]} Nc6 {[%emt 0:00:00]} 5. g3 {[%emt 0:00:00]} g6 {[%emt 0:00:00]} 6. Bg2 {[%emt 0:00:00]} Bg7 {[%emt 0:00:00]} 7. Bd2 {[%emt 0:00:00]} e5 {[%emt 0:00:00]} 8. Qc1 {[%emt 0:00:01]} Nge7 {[%emt 0:00:00]} 9. Bh6 {[%emt 0:00:00]} Bf6 {[%emt 0:00:01]} 10. h4 {[%emt 0:00:02]} Qd6 {[%emt 0:00:01]} 11. h5 {[%emt 0:00:01]} Bd7 {[%emt 0:00:01]} 12. Bg5 {[%emt 0:00:02]} O-O-O {[%emt 0:00:01]} 13. Bxf6 {[%emt 0:00:01]} Qxf6 {[%emt 0:00:00]} 14. Nf3 {[%emt 0:00:01]} h6 {[%emt 0:00:03]} 15. hxg6 {[%emt 0:00:01]} fxg6 {[%emt 0:00:00]} 16. Qd2 {[%emt 0:00:04]} Rdf8 {[%emt 0:00:01]} 17. O-O-O {[%emt 0:00:01]} g5 {[%emt 0:00:00]} 18. a3 {[%emt 0:00:04]} g4 {[%emt 0:00:05]} 19. Nh4 {[%emt 0:00:01]} Qxf2 {[%emt 0:00:02]} 20. Rdf1 {[%emt 0:00:03]} Qe3 {[%emt 0:00:00]} 21. Qxe3 {[%emt 0:00:01]} dxe3 {[%emt 0:00:00]} 22. Nc3 {[%emt 0:00:01]} Be6 {[%emt 0:00:02]} 23. Re1 {[%emt 0:00:02]} Nd4 {[%emt 0:00:05]} 24. Rxe3 {[%emt 0:00:01]} Kd7 {[%emt 0:00:01]} 25. Nf5 {[%emt 0:00:03]} Nexf5 {[%emt 0:00:02]} 26. exf5 {[%emt 0:00:00]} Bxf5 {[%emt 0:00:03]} 27. Rxe5 {[%emt 0:00:01]} b6 {[%emt 0:00:01]} 28. Be4 {[%emt 0:00:04]} Be6 {[%emt 0:00:05]} 29. Nd5 {[%emt 0:00:04]} Rf7 {[%emt 0:00:04]} 30. Reh5 {[%emt 0:00:03]} Rhf8 {[%emt 0:00:03]} 31. Nf4 {[%emt 0:00:02]} Bf5 {[%emt 0:00:02]} 32. Rxh6 {[%emt 0:00:02]} Bxe4 {[%emt 0:00:01]} 33. dxe4 {[%emt 0:00:00]} Nf3 {[%emt 0:00:01]} 34. Rh7 {[%emt 0:00:01]} Rxh7 {[%emt 0:00:01]} 35. Rxh7+ {[%emt 0:00:00]} Kc6 {[%emt 0:00:01]} 36. Rh6+ {[%emt 0:00:01]} Kb5 {[%emt 0:00:01]} 37. b3 {[%emt 0:00:01]} a5 {[%emt 0:00:02]} 38. Kb2 {[%emt 0:00:01]} Ka6 {[%emt 0:00:00]} 39. c4 {[%emt 0:00:01]} Re8 {[%emt 0:00:00]} 40. Nd5 {[%emt 0:00:01]} Rb8 {[%emt 0:00:02]} 41. Rc6 {[%emt 0:00:01]} Nd4 {[%emt 0:00:01]} 42. Rc7 {[%emt 0:00:01]} Ne6 {[%emt 0:00:01]} 43. Rg7 {[%emt 0:00:01]} Nd4 {[%emt 0:00:00]} 44. Nc3 {[%emt 0:00:01]} Nf3 {[%emt 0:00:00]} 45. Nb5 {[%emt 0:00:00]} Ra8 {[%emt 0:00:01]} 46. Rc7 {[%emt 0:00:00]} Nd4 {[%emt 0:00:01]} 47. Rg7 {[%emt 0:00:00]} Nxb5 {[%emt 0:00:01]} 48. cxb5+ {[%emt 0:00:00]} Kxb5 {[%emt 0:00:00]} 49. a4+ {[%emt 0:00:00]} Kb4 {[%emt 0:00:01]} 50. Rxg4 {[%emt 0:00:00]} c4 {[%emt 0:00:00]} 51. e5 {[%emt 0:00:00]} Kc5 {[%emt 0:00:01]} 52. Rxc4+ {[%emt 0:00:00]} Kd5 {[%emt 0:00:00]} 53. Rd4+ {[%emt 0:00:01]} Ke6 {[%emt 0:00:00]} 54. Rc4 {[%emt 0:00:00]} Re8 {[%emt 0:00:00]} 55. Rc6+ {[%emt 0:00:00]} Kf5 {[%emt 0:00:00]} 56. Rxb6 {[%emt 0:00:00]} Rh8 {[%emt 0:00:00]} 57. Rb5 {[%emt 0:00:00]} Rh3 {[%emt 0:00:00]} 58. Ka3 {[%emt 0:00:00]} 1-0

[Event "Stay Safe Play From Home 319"]
[Site "Emanuel Lasker Arena"]
[Date "2020.07.21"]
[Round "7"]
[White "Sfantul321"]
[Black "Trotsky"]
[Result "1-0"]
[WhiteElo "1974"]
[BlackElo "1619"]
[Annotator "NA"]
[PlyCount "38"]
[EventDate "2020.07.21"]
[EventType "swiss (blitz)"]

1. c4 {[%emt 0:00:01]} c5 {[%emt 0:00:01]} 2. Nc3 {[%emt 0:00:00]} e6 {[%emt 0:00:00]} 3. g3 {[%emt 0:00:00]} d5 {[%emt 0:00:01]} 4. cxd5 {[%emt 0:00:01]} exd5 {[%emt 0:00:01]} 5. d4 {[%emt 0:00:00]} c4 {[%emt 0:00:01]} 6. Bg2 {[%emt 0:00:01]} Nc6 {[%emt 0:00:01]} 7. Bxd5 {[%emt 0:00:02]} Be6 {[%emt 0:00:02]} 8. Bxe6 {[%emt 0:00:04]} fxe6 {[%emt 0:00:01]} 9. e3 {[%emt 0:00:00]} Qc7 {[%emt 0:00:01]} 10. Nf3 {[%emt 0:00:01]} O-O-O {[%emt 0:00:01]} 11. Qa4 {[%emt 0:00:02]} a6 {[%emt 0:00:01]} 12. Qxc4 {[%emt 0:00:02]} Bd6 {[%emt 0:00:02]} 13. Qxe6+ {[%emt 0:00:01]} Kb8 {[%emt 0:00:01]} 14. O-O {[%emt 0:00:00]} Nf6 {[%emt 0:00:01]} 15. Qc4 {[%emt 0:00:02]} h5 {[%emt 0:00:01]} 16. h4 {[%emt 0:00:01]} Bxg3 {[%emt 0:00:02]} 17. d5 {[%emt 0:00:03]} Ng4 {[%emt 0:00:05]} 18. Kg2 {[%emt 0:00:10]} Bxf2 {[%emt 0:00:04]} 19. Rxf2 {[%emt 0:00:05]} Nxe3+ {[%emt 0:00:02] Trotsky Ñäàåòñÿ (Lag: Av=0.19s, max=0.7s)} 1-0